Nathaniel Hawthorne /

Bibliographic Details
Other Authors: Bloom, Harold
Format: Book
Language:English
Published: Philadelphia : Chelsea House, [2003]
Series:Bloom's biocritiques.
Subjects:

MARC

Tag First Indicator Second Indicator Subfields
LEADER 00000cam a2200000 a 4500
001 in00002363539
005 20151109040646.0
008 030127s2003 pau b 001 0deng
010 |a  2003001603 
020 |a 0791073831 (alk. paper) 
020 |a 9780791073834 (alk. paper) 
035 |a (OCoLC)ocm51566279 
035 |a (OCoLC)51566279 
040 |a DLC  |c DLC  |d VPL  |d OCLCQ  |d BAKER  |d NPL  |d BTCTA  |d YDXCP  |d UtOrBLW 
049 |a TXAM 
050 0 0 |a PS1888  |b .N295 2003 
082 0 0 |a 813/.3  |2 21 
245 0 0 |a Nathaniel Hawthorne /  |c edited and with an introduction by Harold Bloom. 
264 1 |a Philadelphia :  |b Chelsea House,  |c [2003] 
264 4 |c ©2003 
300 |a xiii, 148 pages ;  |c 24 cm. 
336 |a text  |b txt  |2 rdacontent 
337 |a unmediated  |b n  |2 rdamedia 
338 |a volume  |b nc  |2 rdacarrier 
490 1 |a Bloom's biocritiques 
505 0 |a Biography of Nathaniel Hawthorne / Norman Jean Lutz -- An introduction to some elements of Nathaniel Hawthorne's fiction / Neil Heims -- Early writings / Henry James -- "Certain circumstances" : Hawthorne and the interest of history / Michael J. Colacurcio. 
504 |a Includes bibliographical references and index. 
600 1 0 |a Hawthorne, Nathaniel,  |d 1804-1864  |x Criticism and interpretation. 
700 1 |a Bloom, Harold. 
830 0 |a Bloom's biocritiques. 
938 |a Baker & Taylor  |b BKTY  |c 35.00  |d 35.00  |i 0791073831  |n 0004159527  |s active 
938 |a Baker and Taylor  |b BTCP  |n 2003001603 
938 |a YBP Library Services  |b YANK  |n 2001086 
945 |a PromptCat  |b 354560 
946 |a stk 
947 |a A14836839565 
994 |a 92  |b TXA 
948 |a cataloged  |b h  |c 2008/3/18  |d c  |e asalazar  |f 4:43:55 pm 
999 |a MARS 
999 f f |s 56ea8785-7175-31c1-b21a-550c9d1e1c17  |i 8e88a2db-9c1d-3f8c-93c2-54291fbd0f87  |t 0 
952 f f |p ric  |a Texas A&M University  |b Rellis Campus  |c Joint Library Facility  |d Remote Storage  |t 0  |e PS1888 .N295 2003  |h Library of Congress classification  |i unmediated -- volume  |m A14836839565 
998 f f |a PS1888 .N295 2003  |t 0  |l Remote Storage